Khung phân tích điều chỉnh hành vi người dân hướng dẫn tăng trưởng xanh ở các đô thị Việt Nam Sách chuyên khảo

Xây dựng khung phân tích điều chỉnh hành vi người dân hướng đến tăng trưởng xanh ở các đô thị Việt Nam. Đánh giá mức độ xanh của hành vi tiêu dùng người dân ở các đô thị Việt Nam trong các hoạt động tiêu dùng nước, năng lượng, xử lý c...

Cijeli opis

Spremljeno u:
Bibliografski detalji
Glavni autor: Nguyễn, Trọng Hoài
Format: Knjiga
Jezik:Undetermined
Izdano: Tp. Hồ Chí Minh Kinh tế Tp. Hồ Chí Minh 2016
Teme:
Online pristup:http://lrc.tdmu.edu.vn/opac/search/detail.asp?aID=2&ID=33791
Oznake: Dodaj oznaku
Bez oznaka, Budi prvi tko označuje ovaj zapis!
Thư viện lưu trữ: Trung tâm Học liệu Trường Đại học Thủ Dầu Một
LEADER 01570nam a2200217Ia 4500
001 TDMU_33791
008 210410s9999 xx 000 0 und d
082 |a 650.12 
090 |b NG527 
100 |a Nguyễn, Trọng Hoài 
245 0 |a Khung phân tích điều chỉnh hành vi người dân hướng dẫn tăng trưởng xanh ở các đô thị Việt Nam 
245 0 |b Sách chuyên khảo 
245 0 |c Nguyễn Trọng Hoài (ch.b.), Phạm Khánh Nam, Nguyễn Lưu Bảo Đoan và [nh.ng. khác] 
260 |a Tp. Hồ Chí Minh 
260 |b Kinh tế Tp. Hồ Chí Minh 
260 |c 2016 
300 |a 516tr. 
520 |a Xây dựng khung phân tích điều chỉnh hành vi người dân hướng đến tăng trưởng xanh ở các đô thị Việt Nam. Đánh giá mức độ xanh của hành vi tiêu dùng người dân ở các đô thị Việt Nam trong các hoạt động tiêu dùng nước, năng lượng, xử lý chất thải sinh hoạt, sử dụng các phương tiện giao thông. Kiến nghị các chính sách điều chỉnh hành vi tiêu dùng của người dân đến tăng trưởng xanh ở các đô thị nước ta 
650 |a Hành vi  |x Người dân  |x Điều chỉnh  |x Tăng trưởng kinh tế  |x Đô thị 
856 |u http://lrc.tdmu.edu.vn/opac/search/detail.asp?aID=2&ID=33791 
980 |a Trung tâm Học liệu Trường Đại học Thủ Dầu Một